MARC details
| 000 -LEADER |
| fixed length control field |
03857nam a2200469 4500 |
| 001 - CONTROL NUMBER |
| control field |
OTLid0000464 |
| 003 - CONTROL NUMBER IDENTIFIER |
| control field |
MnU |
| 005 - DATE AND TIME OF LATEST TRANSACTION |
| control field |
20201105133331.0 |
| 006 - FIXED-LENGTH DATA ELEMENTS--ADDITIONAL MATERIAL CHARACTERISTICS |
| fixed length control field |
m o d s |
| 008 - FIXED-LENGTH DATA ELEMENTS--GENERAL INFORMATION |
| fixed length control field |
180907s2017 mnu o 0 0 eng d |
| 020 ## - INTERNATIONAL STANDARD BOOK NUMBER |
| International Standard Book Number |
|
| 040 ## - CATALOGING SOURCE |
| Original cataloging agency |
MnU |
| Language of cataloging |
eng |
| Transcribing agency |
MnU |
| 050 #4 - LIBRARY OF CONGRESS CALL NUMBER |
| Classification number |
H1 |
| 050 #4 - LIBRARY OF CONGRESS CALL NUMBER |
| Classification number |
HM621 |
| 050 #4 - LIBRARY OF CONGRESS CALL NUMBER |
| Classification number |
HQ1101 |
| 050 #4 - LIBRARY OF CONGRESS CALL NUMBER |
| Classification number |
GN25 |
| 050 #4 - LIBRARY OF CONGRESS CALL NUMBER |
| Classification number |
BL1 |
| 245 00 - TITLE STATEMENT |
| Title |
Perspectives |
| Remainder of title |
An Open Invitation to Cultural Anthropology |
| Statement of responsibility, etc. |
Nina Brown |
| 264 #2 - PRODUCTION, PUBLICATION, DISTRIBUTION, MANUFACTURE, AND COPYRIGHT NOTICE |
| Name of producer, publisher, distributor, manufacturer |
Open Textbook Library |
| 264 #1 - PRODUCTION, PUBLICATION, DISTRIBUTION, MANUFACTURE, AND COPYRIGHT NOTICE |
| Name of producer, publisher, distributor, manufacturer |
American Anthropological Association |
| 300 ## - PHYSICAL DESCRIPTION |
| Extent |
1 online resource |
| 490 0# - SERIES STATEMENT |
| Series statement |
Open textbook library. |
| 505 0# - FORMATTED CONTENTS NOTE |
| Formatted contents note |
1. The Development of Anthropological Ideas -- 2. The Culture Concept -- 3. Doing Fieldwork: Methods in Cultural Anthropology -- 4. Language -- 5. Subsistence -- 6. Economics -- 7. Political Anthropology: A Cross-Cultural Comparison -- 8. Family and Marriage -- 9. Race and Ethnicity -- 10. Gender and Sexuality -- 11. Religion -- 12. Globalization -- 13. Culture and Sustainability -- 14. Performance -- 15. Health and Medicine -- 16. Seeing Like an Anthropologist: Anthropology in Practice -- 17. Media Anthropology: Meaning, Embodiment, Infrastructure, and Activism -- 18. Public Anthropology |
| 520 0# - SUMMARY, ETC. |
| Summary, etc. |
We are delighted to bring to you this novel textbook, a collection of chapters on the essential topics in cultural anthropology. Different from other introductory textbooks, this book is an edited volume with each chapter written by a different author. Each author has written from their experiences working as an anthropologist and that personal touch makes for an accessible introduction to cultural anthropology. Our approach to cultural anthropology is holistic. We see the interconnectedness of cultural practicesand, in all of the chapters, we emphasize the comparison of cultures and the ways of life ofdifferent peoples. We start with Laura Nader's observation that cultural differences need not be seenas a problem. In our complicated world of increasing migration, nationalism, and climate challenges,cultural diversity might actually be the source of conflict resolution and new approaches to ensuringa healthier world. Indeed, as Katie Nelson reminds us, anthropology exposes the familiarity in theideas and practices of others that seem bizarre. Robert Borofsky advocates for anthropology's abilityto empower people and facilitate good. Borofsky calls on anthropologists to engage with a widerpublic to bring our incredible stories and important insights to helping resolve the most critical issueswe face in the world today. This book brings Nader, Nelson, Borofsky, and many others together todemonstrate that our anthropological understandings can help all of us to improve the lives of peoplethe world over. We need you, as students, to see the possibilities. As instructors, we want to help youshare anthropological knowledge and understanding easily. We want all readers to be inspired by theintensely personal writings of the anthropologists who contribute to this volume. |
| 542 1# - INFORMATION RELATING TO COPYRIGHT STATUS |
| Copyright statement |
Attribution-NonCommercial |
| 546 ## - LANGUAGE NOTE |
| Language note |
In English. |
| 588 0# - SOURCE OF DESCRIPTION NOTE |
| Source of description note |
Description based on print resource |
| 650 #0 - SUBJECT ADDED ENTRY--TOPICAL TERM |
| Topical term or geographic name entry element |
Social sciences |
| Form subdivision |
Textbooks |
| 650 #0 - SUBJECT ADDED ENTRY--TOPICAL TERM |
| Topical term or geographic name entry element |
Cultural and Ethnic Studies |
| Form subdivision |
Textbooks |
| 650 #0 - SUBJECT ADDED ENTRY--TOPICAL TERM |
| Topical term or geographic name entry element |
Gender and Sexuality Studies |
| Form subdivision |
Textbooks |
| 650 #0 - SUBJECT ADDED ENTRY--TOPICAL TERM |
| Topical term or geographic name entry element |
Anthropology |
| Form subdivision |
Textbooks |
| 650 #0 - SUBJECT ADDED ENTRY--TOPICAL TERM |
| Topical term or geographic name entry element |
Religion |
| Form subdivision |
Textbooks |
| 700 1# - ADDED ENTRY--PERSONAL NAME |
| Personal name |
Brown, Nina |
| Relator term |
editor |
| 700 1# - ADDED ENTRY--PERSONAL NAME |
| Personal name |
Gonzalez, Laura |
| Relator term |
editor |
| 700 1# - ADDED ENTRY--PERSONAL NAME |
| Personal name |
Mcllwraith, Thomas |
| Relator term |
editor |
| 710 2# - ADDED ENTRY--CORPORATE NAME |
| Corporate name or jurisdiction name as entry element |
Open Textbook Library |
| Relator term |
distributor |
| 856 40 - ELECTRONIC LOCATION AND ACCESS |
| Uniform Resource Identifier |
<a href="https://open.umn.edu/opentextbooks/textbooks/464">https://open.umn.edu/opentextbooks/textbooks/464</a> |
| Public note |
Access online version |